Normal view
MARC view
Entry Personal Name
001 - CONTROL NUMBER
- control field: 249384
003 - CONTROL NUMBER IDENTIFIER
- control field: OSt
005 - DATE AND TIME OF LATEST TRANSACTION
- control field: 20251217160748.0
008 - FIXED-LENGTH DATA ELEMENTS
- fixed length control field: 251217|| aca||aabn | a|a d
040 ## - CATALOGING SOURCE
- Original cataloging agency: OSt
- Transcribing agency: OSt
100 ## - HEADING--PERSONAL NAME
- Personal name: Mueller, John Paul
670 ## - SOURCE DATA FOUND
- Source citation: Work cat.: (OSt)187725: Mueller, John Paul., Mastering microsoft visual web developer 2005 express edition /, 2006.